| 000 | 01853nam2a22002771 4500 | ||
|---|---|---|---|
| 001 | RU\NLR\A1SV\58689 | ||
| 005 | 20251203152403.2 | ||
| 035 | _a(NLR Aleph) 009740645 | ||
| 090 |
_a13481474 _c13481474 |
||
| 100 | _a20080618d1925 u y0rusy50 ca | ||
| 101 | 0 | _arus | |
| 200 | 0 |
_aВып.2 _eПо архив. материалам и лич. воспоминаниям |
|
| 210 | _d1925 | ||
| 215 | _a301, [2] с., 1 л. портр., 2 л. ил. | ||
| 327 | 1 |
_aСтачечное движение во Владимирской губернии в 1900-1907 г. / Пронин _aВооруженное восстание в г. Александрове в декабре 1905 г. (Александровская республика) / Н.Шаханов _aРеволюционное движение в Коврове и работа РСДРП(б) / Н.Ляхин _aИз подполья Владимирской социал-демократической организации / Самохвалов |
|
| 461 | 1 |
_1001RU\NLR\A1SV\58687 _12000#$aО рабочем движении и социал-демократической работе во Владимирской губернии в 900-х годах$e[К двадцатилетию первой рус. революции]$vВып.2 _99942503 _cВладимир _d1925-1927 _nВладимир. истпарт _o[К двадцатилетию первой рус. революции] _tО рабочем движении и социал-демократической работе во Владимирской губернии в 900-х годах _vВып.2 |
|
| 702 | 1 | _aПронин | |
| 702 | 1 |
_aШаханов _bН. |
|
| 702 | 1 |
_aЛяхин _bН. |
|
| 702 | 1 | _aСамохвалов | |
| 801 | 0 |
_aRU _bNLR _c20080618 |
|
| 852 | _aNLR | ||
| 942 | _cBOOK | ||
| 980 | _aA1SV | ||
| 980 | _aNB | ||